Teoría de la administración financiera

Shranjeno v:
Bibliografske podrobnosti
Glavni avtor: Solomon, Ezra (Author)
Format: Knjiga
Jezik:španščina
Izdano: Buenos Aires Macchi 1969
Serija:Temas de Administración. Colección Ciencias Económicas, 6
Teme:
Oznake: Označite
Brez oznak, prvi označite!

MARC

LEADER 00000nam a2200000 a 4500
001 UCK4071
003 CL-VaPUC
008 050520e19690000AG |||||||||||||||||spa|d
082 0 4 |a 658.15  |b SOL  |2 21 
100 0 |a Solomon, Ezra  |e author  |9 492460 
245 1 0 |a Teoría de la administración financiera 
300 |a 227 p 
942 |c BK 
945 |d 20050520 00:00:00  |a cmena 
260 |a Buenos Aires  |b Macchi  |c 1969 
650 0 |a Administración financiera  |9 261146 
650 0 |a Toma de decisiones   |9 257530 
650 0 |a Capital   |9 263726 
650 0 |a Inversiones  |9 345867 
650 0 |a Costes de producción   |9 263894 
583 |a last modification  |c 20050520 00:00:00  |k Rodrigo Vera 
490 0 |a Temas de Administración. Colección Ciencias Económicas, 6 
999 |c 313044  |d 313042 
952 |0 0  |1 0  |4 0  |6 658_150000000000000_SOL_1969  |7 0  |8 A  |9 384102  |a BIBGIM  |b BIBGIM  |d 2019-11-22  |i 407694K  |o 658.15 SOL 1969  |p 407694K  |r 2025-01-15  |w 2019-11-22  |y BK  |k GIM